[Event "Titled Tue 6th Feb Early"]
[Site "chess.com INT"]
[Date "2024.02.06"]
[Round "9"]
[White "Salem, AR."]
[Black "Karthikeyan, M2."]
[Result "1-0"]
[WhiteElo "2629"]
[BlackElo "2610"]
[PlyCount "75"]
[EventDate "2024.02.06"]

1. Nf3 Nf6 2. g3 g6 3. Bg2 Bg7 4. d4 O-O 5. c4 c5 6. dxc5 Qa5+ 7. Nfd2 Qxc5 8. Nc3 d6 9. O-O Nc6 10. b3 ({RR} 10. Nd5 Nxd5 11. cxd5 Ne5 12. Nb3 Qb5 13. a4 Qc4 14. Bd2 Bd7 15. Na5 Qa6 16. b4 Rfc8 17. b5 Qb6 18. Rb1 Nc4 19. Nc6 bxc6 20. bxc6 Qd8 21. cxd7 Qxd7 22. Bc1 Rab8 23. Be4 Rxb1 24. Bxb1 Qb7 {Movsesian,S (2700)-Vachier Lagrave,M (2742) Warsaw 2013 0-1 (46)}) 10... d5 11. Bb2 d4 $146 ({RR} 11... dxc4 12. Nxc4 Be6 13. Ba3 Qh5 14. Qc1 Rac8 15. Qf4 Ng4 16. h3 Bxc3 17. hxg4 Bxg4 18. f3 Be6 19. Rad1 b5 20. Ne3 b4 21. Bc1 Rfd8 22. g4 Qc5 23. Kh1 Nd4 24. Rf2 Nxe2 25. Rxd8+ Rxd8 26. Rxe2 {Salem,A (2690)-Wieczorek,O (2500) Chess.com INT 2022 1-0 (33)}) 12. Nce4 Nxe4 13. Nxe4 Qh5 14. Qd2 Rd8 15. Rad1 Bg4 16. f3 Bc8 17. g4 Qh4 18. Bc1 f5 19. gxf5 Bxf5 20. Ng3 Be6 21. f4 Rf8 22. Qd3 Bh6 23. Qe4 Rf6 24. f5 Qxe4 25. Nxe4 Bxc1 26. Nxf6+ exf6 27. fxe6 Be3+ 28. Kh1 Kg7 29. b4 Re8 30. b5 Nd8 31. c5 Nxe6 32. c6 bxc6 33. bxc6 Kf7 34. Rb1 Re7 35. Rb7 f5 36. Rfb1 Kf6 37. Rxe7 Kxe7 38. Rb7+ 1-0

[Event "Titled Tue 6th Feb Early"]
[Site "chess.com INT"]
[Date "2024.02.06"]
[Round "9"]
[White "Svane, R."]
[Black "Lagarde, Max"]
[Result "1-0"]
[WhiteElo "2632"]
[BlackElo "2631"]
[PlyCount "89"]
[EventDate "2024.02.06"]

1. Nf3 d5 2. g3 c6 3. Bg2 Bg4 4. O-O Nd7 5. h3 Bxf3 6. Bxf3 e5 7. d3 Ngf6 8. e4 dxe4 9. dxe4 Bc5 10. Nd2 O-O 11. Qe2 Qe7 12. Nb3 Bb6 13. a4 a5 14. Bd2 ({RR} 14. Kg2 Rfe8 15. Bd2 Nf8 16. Rfd1 Ne6 17. c3 Red8 18. h4 h6 19. Be1 Rxd1 20. Rxd1 Rd8 21. Rd3 Rxd3 22. Qxd3 Qd7 23. Qc2 Qd6 24. Nd2 Qc5 25. Qb3 Nd7 26. Nc4 Bc7 27. Bg4 b5 28. Bxe6 bxc4 {Svane,R (2633)-Ballester Llagaria,L (2298) chess.com INT 2024 1-0 (32)}) 14... Nc5 $146 ({RR} 14... Rfd8 15. Rfd1 Nf8 16. Be1 Ne6 17. h4 Nd7 18. Kg2 Ndc5 19. Nxc5 Qxc5 20. c3 h6 21. Bg4 Rxd1 22. Rxd1 Rd8 23. Bxe6 fxe6 24. Rxd8+ Bxd8 25. Bd2 b5 26. Qg4 Qc4 27. Bxh6 Bf6 28. h5 Kf8 29. Qg6 {Svane,R (2646)-Ballester Llagaria,L (2298) chess.com INT 2023 1-0 (35)}) 15. Nxc5 Bxc5 16. Rfd1 Bd4 17. c3 Bb6 18. Kg2 Rfd8 19. Be1 Rxd1 20. Rxd1 Rd8 21. Rxd8+ Qxd8 22. Qc4 g6 23. Qb3 Kg7 24. Qc2 Qd6 25. Bd2 Nd7 26. Bc1 Nc5 27. Be2 Ne6 28. Bc4 Bc5 29. Kf1 b6 30. Ke2 Nf8 31. Qd2 Nd7 32. Qh6+ Kg8 33. Qh4 Nf6 34. Bg5 Kg7 35. Bh6+ Kg8 36. Bb3 Nh5 37. Qg4 Ng7 38. Qc8+ Qf8 39. Qxc6 Qe7 40. Bd5 Ne8 41. h4 Ng7 42. b4 axb4 43. cxb4 Bd4 44. Qc8+ Ne8 45. Bc6 1-0

[Event "Titled Tue 6th Feb Early"]
[Site "chess.com INT"]
[Date "2024.02.06"]
[Round "9"]
[White "Henriquez Villagra, C."]
[Black "Raja, Rithvik R"]
[Result "1-0"]
[WhiteElo "2591"]
[BlackElo "2532"]
[PlyCount "115"]
[EventDate "2024.02.06"]

1. Nf3 d5 2. d3 Nf6 3. c3 g6 ({RR} 3... Nbd7 4. Qc2 e5 5. e4 c6 6. Be2 Bd6 7. Bg5 h6 8. Bh4 b6 9. Nbd2 Bb7 10. d4 O-O 11. dxe5 Nxe5 12. exd5 Ng6 {½-½ (12) Marangunic,S (2450)-Nunn,J (2560) Dortmund 1987}) 4. Qc2 ({RR} 4. Nbd2 Bg7 5. e4 O-O 6. Be2 c5 7. O-O Nc6 8. Qc2 e5 9. Re1 d4 10. Nc4 Qe7 11. a4 Nh5 12. Bg5 f6 13. Bh4 Nf4 14. Bf1 Bg4 15. Nfd2 Rad8 16. f3 Be6 17. Bg3 Nh5 18. Bh4 Bh6 {Heinisch,W (1888)-Kosin,J (2068) St Veit AUT 2024 0-1 (38)}) 4... c5 5. e4 Nc6 $146 ({RR} 5... Bg7 6. Be2 O-O 7. O-O Nc6 8. Re1 e5 9. a3 Re8 10. Nbd2 b6 11. Rb1 Bb7 12. Bf1 Rc8 13. b3 b5 14. exd5 Nxd5 15. c4 Nd4 16. Nxd4 cxd4 17. Bb2 b4 18. axb4 Nxb4 19. Qd1 f5 20. Ra1 {Trussevich,S (2248)-Sakelsek,T (2422) St Veit 2018 0-1 (55)}) 6. Be2 e5 7. Bg5 Bg7 8. Nbd2 O-O 9. O-O Be6 10. exd5 Bxd5 11. Ne4 b6 12. Rfe1 Re8 13. Rad1 Re6 14. a3 Qc7 15. c4 Bxe4 16. dxe4 Nd4 17. Nxd4 exd4 18. Bd3 Rae8 19. f3 Nd7 20. Bh4 Be5 21. g3 Bf6 22. Bxf6 Nxf6 23. Qf2 Qe7 24. Re2 Nd7 25. f4 Nf6 26. Rde1 Ng4 27. Qf3 Ne3 28. h4 Qb7 29. h5 f5 30. Rxe3 dxe3 31. Qxe3 fxe4 32. Be2 Rd6 33. hxg6 hxg6 34. Kg2 Qg7 35. Rb1 Qd4 36. Kf2 Kg7 37. Rd1 Qxe3+ 38. Kxe3 Rxd1 39. Bxd1 Rd8 40. Bc2 Rd4 41. b3 a5 42. a4 Kf6 43. g4 g5 44. Bxe4 Rd1 45. fxg5+ Kxg5 46. Bf5 Rg1 47. Ke4 Rg3 48. Kd5 Rxb3 49. Bd7 Rb4 50. Bb5 Kxg4 51. Kc6 Kf4 52. Kxb6 Ke5 53. Kxa5 Kd6 54. Kb6 Rb1 55. a5 Rh1 56. a6 Rh8 57. a7 Rc8 58. Kb7 1-0

[Event "Titled Tue 6th Feb Early"]
[Site "chess.com INT"]
[Date "2024.02.06"]
[Round "10"]
[White "Warmerdam, Max"]
[Black "Salem, AR."]
[Result "1-0"]
[WhiteElo "2617"]
[BlackElo "2629"]
[PlyCount "53"]
[EventDate "2024.02.06"]

1. Nf3 d6 2. d4 g6 3. e4 Nf6 4. Bd3 Bg7 5. O-O O-O 6. h3 b6 7. Re1 ({RR} 7. Be3 Bb7 8. Nbd2 Nbd7 9. Qe2 e5 10. c3 a5 11. a4 Re8 12. d5 Rf8 13. Bb5 Nc5 14. Bxc5 bxc5 15. Qc4 Qc8 16. Rfe1 Nd7 17. Qd3 Ba6 18. Bxa6 Rxa6 19. Nc4 Ra8 20. Na3 Nb6 21. b3 f5 {Garms,I (1763)-Plewka,M (1936) Buesum 2016 1-0 (60)}) 7... Bb7 8. a4 a6 9. c3 e6 $146 ({RR} 9... c5 10. Na3 Nfd7 11. Bg5 Nc6 12. Bf1 h6 13. Bh4 Nf6 14. d5 Ne5 15. Nxe5 dxe5 16. Nc4 Nd7 17. Nd6 Bxd5 18. exd5 g5 19. Nf5 gxh4 20. Qg4 {1-0 (20) Mah,K (2404)-Smallbone,K (2110) London 2001}) 10. Bf4 Nbd7 11. Bh2 Qe7 12. Nbd2 e5 13. b4 Nh5 14. b5 axb5 15. axb5 Nf4 16. Bxf4 exf4 17. Qb3 Rfc8 18. Bc4 h6 19. Bd5 Bxd5 20. Qxd5 Rxa1 21. Rxa1 Nf8 22. Qb7 Qe8 23. Ra7 Ne6 24. Qd5 Nf8 25. Ne1 c6 26. bxc6 Qxc6 27. Qxf7+ 1-0

[Event "Titled Tue 6th Feb Early"]
[Site "chess.com INT"]
[Date "2024.02.06"]
[Round "11"]
[White "Mitrabha, G."]
[Black "Paravyan, D."]
[Result "1-0"]
[WhiteElo "2526"]
[BlackElo "2612"]
[PlyCount "71"]
[EventDate "2024.02.06"]

1. Nf3 d5 2. c4 d4 3. g3 Nc6 4. Bg2 e5 5. O-O e4 6. Ne1 h5 7. h4 $146 ({RR} 7. Bxe4 h4 8. d3 Bh3 9. Ng2 Nf6 10. Bg5 hxg3 11. fxg3 Be7 12. Bxf6 Bxf6 13. Nd2 Qd7 14. Qa4 Bxg2 15. Bxg2 Bg5 16. Ne4 Be3+ 17. Kh1 O-O-O 18. h4 Rh5 19. Kh2 Qe7 20. Qa3 Qe5 21. Bh3+ Kb8 {Troyke,C (2361)-Raetsky,A (2425) Apolda 2011 0-1 (41)}) ({RR} 7. Bxe4 h4 8. d3 Bh3 9. Ng2 Qd7 10. Bf4 Nf6 11. Bf3 Bd6 12. Qc1 O-O-O 13. Na3 hxg3 14. fxg3 Ng4 15. Bxd6 cxd6 16. Bxg4 Qxg4 17. Rf2 g5 18. c5 Rhe8 19. Nb5 dxc5 20. Qxc5 Kb8 21. Re1 Re5 {Malakhov,V (2706)-Tomashevsky,E (2745) Jurmala 2015 0-1 (36)}) ({RR} 7. Bxe4 h4 8. Nf3 Nf6 9. Bxc6+ bxc6 10. Qa4 Bd7 11. d3 c5 12. Qa5 hxg3 13. fxg3 Bd6 14. Bg5 Qe7 15. Nbd2 Bc6 16. Rae1 Rh5 17. e4 Rxg5 18. Nxg5 Ng4 19. Nxf7 Ne3 20. Rf3 Kd7 21. Nxd6 cxd6 {Atakishiyev,E (2380)-Ilinca,F (2397) chess.com INT 2025 1-0 (48)}) ({RR} 7. d3 h4 8. dxe4 hxg3 9. hxg3 Bh3 10. Bxh3 Rxh3 11. Kg2 Qd7 12. Nd3 O-O-O 13. Rh1 Rxh1 14. Qxh1 f5 15. exf5 Re8 16. Qh5 Nf6 17. Qf3 Ne5 18. Nxe5 Rxe5 19. g4 Qe8 20. Kf1 Re4 21. Bf4 Qc6 {Klekowski,M (2463)-Paravyan,D (2608) chess.com INT 2024 0-1 (43)}) 7... g5 8. hxg5 h4 9. d3 hxg3 10. Bxe4 Bh3 11. Ng2 Bd6 12. f4 Nge7 13. f5 Qd7 14. c5 Bxc5 15. Qb3 O-O-O 16. Qxf7 Rdf8 17. Qe6 Qxe6 18. fxe6 Rxf1+ 19. Kxf1 Bxe6 20. Nf4 Bf5 21. Nd2 Ne5 22. Kg2 Rh4 23. Nf3 Nxf3 24. exf3 Bxe4 25. dxe4 Bd6 26. Nh3 Ng6 27. Bd2 c5 28. Be1 Rh8 29. Bxg3 Nh4+ 30. Kf2 Nxf3 31. Bxd6 Rxh3 32. g6 Rh6 33. Kxf3 Rxg6 34. Bxc5 d3 35. Bd4 Rd6 36. Bc3 1-0

[Event "Titled Tue 6th Feb Early"]
[Site "chess.com INT"]
[Date "2024.02.06"]
[Round "11"]
[White "Salem, AR."]
[Black "Bacrot, E."]
[Result "1-0"]
[WhiteElo "2629"]
[BlackElo "2683"]
[PlyCount "201"]
[EventDate "2024.02.06"]

1. Nf3 d5 2. g3 Nf6 3. Bg2 Bf5 4. O-O e6 5. d3 h6 6. c4 c6 7. Qb3 Qb6 8. Be3 Qxb3 9. axb3 a6 10. Bd4 Nbd7 11. Bc3 Be7 12. Nbd2 O-O 13. b4 Rfd8 14. Nb3 dxc4 $146 ({RR} 14... Rac8 15. c5 Bh7 16. h4 Ng4 17. Bh3 h5 18. Nh2 Nxh2 19. Kxh2 Bf6 20. f3 Rc7 21. Kg2 Re8 22. Ra3 Bxc3 23. bxc3 e5 24. e4 Nf6 25. Na5 Rd8 26. Rf2 Re7 27. Re2 Ne8 28. Kf2 Bg6 29. Ra1 {Demirci,F (1857)-Binboga,Y (1809) Denizli TUR 2024 1-0 (60)}) 15. dxc4 Ne4 16. Nfd4 Nb6 17. Nxf5 exf5 18. Na5 Nxc3 19. bxc3 Rab8 20. Bxc6 Bf6 21. c5 Bxc3 22. cxb6 Bxa1 23. Rxa1 Rd6 24. Bxb7 Rxb6 25. Bf3 Rxb4 26. Kg2 Rb1 27. Ra3 g6 28. h4 Rc1 29. Nc6 Rb6 30. Ne5 Kg7 31. Ra4 Rc7 32. Nd3 Ra7 33. Bd5 a5 34. f3 h5 35. Kf2 Rd6 36. Ba2 Rb6 37. Ne5 Rb4 38. Ra3 Rb5 39. f4 Rc5 40. Ra4 Rb5 41. Nd3 Rc7 42. Bc4 Rb6 43. Bd5 Ra7 44. Ke3 Rb5 45. Kd4 Rb6 46. Kc5 Rb1 47. Ne5 Rg1 48. Ra3 Rc1+ 49. Kb6 Re7 50. Rxa5 Rc3 51. Bf3 f6 52. Nd3 Re3 53. Rd5 g5 54. hxg5 fxg5 55. fxg5 Rb3+ 56. Kc5 Kg6 57. Kc4 Ra3 58. Kd4 Re8 59. Nf4+ Kxg5 60. Bxh5 Re4+ 61. Kc5 Ra5+ 62. Kd6 Ra6+ 63. Kc7 Ra7+ 64. Kb6 Ra3 65. Bf3 Ree3 66. Kc6 Rxf3 67. exf3 Rxf3 68. Ne2 Re3 69. Nd4 Rxg3 70. Nxf5 Rc3+ 71. Kd6 Rc1 72. Nd4+ Kf6 73. Rf5+ Kg6 74. Rf4 Rd1 75. Ke6 Re1+ 76. Kd5 Rd1 77. Ke5 Re1+ 78. Kd5 Rd1 79. Rf3 Kg5 80. Rf2 Kg6 81. Ke5 Re1+ 82. Ne2 Kg7 83. Ke6 Ra1 84. Rg2+ Kh6 85. Nf4 Ra6+ 86. Kf5 Ra5+ 87. Kf6 Ra6+ 88. Ke5 Ra5+ 89. Nd5 Kh5 90. Rg8 Kh6 91. Rg4 Kh5 92. Rg3 Kh4 93. Rd3 Kg4 94. Rc3 Rb5 95. Ra3 Rb1 96. Nf6+ Kh4 97. Ne4 Rb5+ 98. Kf4 Kh5 99. Ra6 Rb1 100. Ng3+ Kh4 101. Rh6# 1-0

[Event "Titled Tue 6th Feb Late"]
[Site "chess.com INT"]
[Date "2024.02.06"]
[Round "5"]
[White "Nihal, Sarin"]
[Black "Dardha, Daniel"]
[Result "1-0"]
[WhiteElo "2693"]
[BlackElo "2621"]
[PlyCount "73"]
[EventDate "2024.02.06"]

1. Nf3 d5 2. e3 Nf6 3. c4 e6 4. Nc3 dxc4 5. Bxc4 a6 6. O-O c5 ({RR} 6... b5 7. Be2 Bb7 8. a4 b4 9. Nb1 c5 10. d3 Be7 11. Nbd2 O-O 12. Nc4 Nc6 13. Qc2 a5 14. e4 Qc7 15. h3 Nd7 16. Be3 Ba6 17. Ncd2 Rac8 18. Rac1 Qb6 19. Nb3 Nd4 20. Bxd4 cxd4 21. Qb1 {Caruana,F (2766)-Giri,A (2764) Wijk aan Zee NED 2023 ½-½ (31)}) 7. b3 ({RR} 7. a4 Nc6 8. Qe2 Be7 9. Rd1 e5 10. h3 O-O 11. d3 h6 12. b3 Re8 13. Nd2 Bf8 14. Nde4 Be6 15. Ba3 Nd7 16. Qf3 Rb8 17. Rab1 Qa5 18. Bb2 b5 19. axb5 axb5 20. Ra1 bxc4 21. Rxa5 Nxa5 {Stremavicius,T (2567)-Kacharava,N (2510) Saint Louis USA 2024 ½-½ (52)}) 7... Be7 $146 ({RR} 7... b5 8. Be2 Nbd7 9. Bb2 Bb7 10. d4 Bd6 11. dxc5 Bxc5 12. Qb1 O-O 13. Rd1 Qc7 14. a3 Rac8 15. h3 Rfd8 16. b4 Be7 17. Rc1 Qb8 18. a4 bxa4 19. Nxa4 Be4 20. Rxc8 Qxc8 21. Qe1 Qb7 22. Ba3 {Rotstein,A (2464)-Gaponenko,I (2348) Germany GER 2022 ½-½ (43)}) 8. Bb2 O-O 9. d4 b5 10. Be2 Nc6 11. dxc5 Bb7 12. Rc1 Rc8 13. Qc2 Bxc5 14. Rfd1 Qe7 15. Ng5 Nb4 16. Qb1 g6 17. a3 Nbd5 18. Nxd5 Bxd5 19. b4 Bb6 20. Qa1 Rxc1 21. Rxc1 Nd7 22. h4 e5 23. Rd1 Bc6 24. Bf3 Bxf3 25. Nxf3 f6 26. Qa2+ Qf7 27. Qb1 Rd8 28. Rd6 Bc7 29. Rxa6 Qc4 30. Qf1 Nb6 31. Ra7 Qc2 32. Qxb5 Rd1+ 33. Kh2 e4+ 34. Be5 exf3 35. Qe8+ Kg7 36. Rxc7+ Qxc7 37. Bxc7 1-0

[Event "Titled Tue 6th Feb Late"]
[Site "chess.com INT"]
[Date "2024.02.06"]
[Round "7"]
[White "Zakhartsov, Vl"]
[Black "Indjic, A."]
[Result "1-0"]
[WhiteElo "2504"]
[BlackElo "2595"]
[PlyCount "57"]
[EventDate "2024.02.06"]

1. Nf3 d5 2. g3 Bg4 3. Bg2 e6 4. c4 c6 5. Qb3 Qb6 6. d3 Nd7 7. Nc3 Ngf6 8. Be3 ({RR} 8. O-O Bd6 9. Qc2 O-O 10. e4 Qc7 11. b3 dxe4 12. dxe4 e5 13. Nh4 Bc5 14. h3 Be6 15. Kh2 Bd4 16. Ba3 Rfe8 17. Rad1 Qa5 18. Bb2 b5 19. f4 Nc5 20. Nf3 b4 21. Nxd4 exd4 22. Na4 d3 {Alpin,M (2305)-Charochkina,D (2323) Moscow RUS 2025 0-1 (69)}) 8... Bc5 9. Bxc5 Nxc5 10. Qc2 $146 ({RR} 10. Qa3 dxc4 11. Ne5 a5 12. d4 Ncd7 13. Nxc4 Qb4 14. Nd6+ Ke7 15. Nxb7 Rhb8 16. Bxc6 Rc8 17. Qxb4+ axb4 18. Bxd7 Nxd7 19. Nd1 Ra7 20. Nc5 Nxc5 21. dxc5 Rxc5 22. Ne3 Bh5 23. g4 Bg6 24. h4 h5 {Egorov,E (2350)-Lysyj,I (2631) Pavlodar 2018 ½-½ (83)}) ({RR} 10. Qa3 Bxf3 11. Bxf3 d4 12. Nb1 a5 13. O-O Qb4 14. b3 e5 15. Qc1 O-O 16. Nd2 Qb6 17. Rb1 Rfe8 18. Qc2 Qc7 19. a3 Qe7 20. b4 axb4 21. axb4 Na4 22. b5 Qc7 23. bxc6 bxc6 24. Kg2 Nc5 {Sindarov,J (2674)-Indjic,A (2610) chess.com INT 2024 1-0 (55)}) 10... Bxf3 11. Bxf3 d4 12. Nb1 e5 13. Nd2 O-O 14. a3 a5 15. b3 Nfd7 16. O-O f5 17. Rab1 Qc7 18. b4 axb4 19. axb4 Na4 20. c5 Nc3 21. Ra1 Nf6 22. Nc4 Rxa1 23. Rxa1 e4 24. Bg2 Qe7 25. Nd6 Ng4 26. h3 Ne5 27. dxe4 f4 28. Nf5 fxg3 29. Nxe7+ 1-0

[Event "Titled Tue 6th Feb Late"]
[Site "chess.com INT"]
[Date "2024.02.06"]
[Round "7"]
[White "Mekhitarian, K."]
[Black "Zhigalko, S."]
[Result "1-0"]
[WhiteElo "2554"]
[BlackElo "2572"]
[PlyCount "63"]
[EventDate "2024.02.06"]

1. Nf3 d5 2. c4 d4 3. b4 Bg4 4. g3 e6 ({RR} 4... Bxf3 5. exf3 e6 6. Qb3 a5 7. b5 Nd7 8. Bg2 Nc5 9. Qc2 h5 10. d3 h4 11. f4 Nh6 12. Nd2 a4 13. Ba3 Ra7 14. Rb1 Be7 15. Ne4 Nxe4 16. Bxe7 Qxe7 17. Bxe4 O-O 18. b6 cxb6 19. Rxb6 {Caruana,F (2807)-Anand,V (2783) Saint Louis 2017 ½-½ (40)}) ({RR} 4... Bxf3 5. exf3 e5 6. b5 Nf6 7. Bg2 Nbd7 8. O-O Bd6 9. d3 O-O 10. f4 exf4 11. Bxb7 Rb8 12. Bg2 Re8 13. a4 h5 14. Nd2 h4 15. gxh4 Ne5 16. Nf3 Ng6 17. Bh3 Nh7 18. h5 Nh4 19. Nxh4 {Mekhitarian,K (2564)-Tregubov,P (2555) chess.com INT 2025 1-0 (37)}) 5. Ne5 $146 ({RR} 5. Bg2 c6 6. b5 Nf6 7. Ne5 Bd6 8. bxc6 bxc6 9. Nxg4 Nxg4 10. d3 Qa5+ 11. Nd2 O-O 12. O-O Rc8 13. Nb3 Qh5 14. h3 Ne5 15. Nxd4 Nbd7 16. Rb1 h6 17. Be3 Qg6 18. Qe1 Nc5 19. f4 Ned7 {Martinez Ramirez,L (2457)-Zhigalko,S (2572) chess.com INT 2023 1-0 (31)}) 5... Bf5 6. Bg2 Nd7 7. Qa4 c6 8. Nxd7 Qxd7 9. Bb2 Nf6 10. O-O Be7 11. d3 O-O 12. Nd2 e5 13. Qb3 a5 14. a3 Rfe8 15. c5 Be6 16. Nc4 Qc7 17. Qc2 axb4 18. axb4 Nd5 19. Qd2 h6 20. Rfb1 Rxa1 21. Rxa1 b5 22. cxb6 Nxb6 23. Na5 Bd5 24. Rc1 Bxg2 25. Kxg2 c5 26. bxc5 Na4 27. Ba3 Bxc5 28. Bxc5 Nxc5 29. Kg1 Qb6 30. Nc4 Qe6 31. Qb4 Nd7 32. Nd6 1-0

[Event "Titled Tue 6th Feb Late"]
[Site "chess.com INT"]
[Date "2024.02.06"]
[Round "11"]
[White "Le, Quang Liem"]
[Black "Nasuta, G."]
[Result "1-0"]
[WhiteElo "2731"]
[BlackElo "2558"]
[PlyCount "105"]
[EventDate "2024.02.06"]

1. Nf3 d5 2. e3 Nf6 3. c4 c6 4. Nc3 e6 5. b3 Bd6 6. Bb2 O-O 7. Qc2 e5 8. cxd5 cxd5 9. Nb5 Nc6 10. Nxd6 Qxd6 11. Be2 Bg4 12. d4 ({RR} 12. Qd1 Rfe8 13. O-O Rad8 14. d3 d4 15. exd4 exd4 16. Re1 h6 17. Qd2 Re7 18. h3 Bf5 19. Bf1 Rde8 20. Rxe7 Rxe7 21. Re1 Be6 22. Qc1 Rc7 23. Ba3 Qd8 24. Qc5 Nd5 25. Nxd4 Ncb4 26. Nxe6 fxe6 {Nepomniachtchi,I (2771)-Erigaisi,A (2712) chess.com INT 2023 ½-½ (51)}) ({RR} 12. O-O e4 13. Nd4 Nxd4 14. Bxd4 Bxe2 15. Rfe1 Ng4 16. g3 Bf3 17. Qb2 Qh6 18. h4 g5 19. Be5 gxh4 20. Bf4 h3 21. Bxh6 h2+ 22. Kf1 h1=Q# {0-1 (22) Grzesik,G (2175)-Shankland,S (2670) chess.com INT 2025}) 12... Bxf3 $146 ({RR} 12... e4 13. Ne5 Nb4 14. Qd2 Bxe2 15. Qxe2 Rfc8 16. Rc1 Nxa2 17. Rxc8+ Rxc8 18. O-O Qb6 19. Qd1 Rc7 20. f3 Nb4 21. Ba3 Nc2 22. Bc5 Qxb3 23. Rf2 Qxe3 24. Qxc2 b6 25. Qb2 Rc8 26. Ba3 Rc3 27. Kf1 {Jovanovic,L (1795)-Jouke Bakker (2106) Groningen, NL 2024 0-1}) 13. dxe5 Qb4+ 14. Bc3 Qc5 15. gxf3 d4 16. exf6 dxc3 17. Rg1 g6 18. Rc1 Qd6 19. Qxc3 Qxh2 20. Rg3 Rad8 21. f4 Rd6 22. Bf3 Qh4 23. Ke2 Rfd8 24. Rh1 Qxf6 25. Qxf6 Rxf6 26. Rc1 Rfd6 27. Bxc6 Rd2+ 28. Kf3 bxc6 29. a4 Rb8 30. Rxc6 Rxb3 31. Ra6 Rbb2 32. Rg2 Rd7 33. f5 Kg7 34. f6+ Kf8 35. Rg5 Rb6 36. Rc5 Ke8 37. Rxb6 axb6 38. Rc8+ Rd8 39. Rc6 Ra8 40. Rxb6 Rxa4 41. e4 Kd7 42. Kf4 Ra2 43. f3 Ra3 44. e5 Ra7 45. Kg5 Ra3 46. Rb7+ Ke8 47. Kh6 Rxf3 48. Kg7 Rf5 49. Re7+ Kd8 50. Kxf7 g5 51. Ke6 Rf4 52. Rxh7 g4 53. Rg7 1-0

[Event "TCh-CZE Extraliga 2023-24"]
[Site "Czech Republic CZE"]
[Date "2024.02.11"]
[Round "8.1"]
[White "Teclaf, Pawel"]
[Black "Warakomski, T."]
[Result "1-0"]
[WhiteElo "2585"]
[BlackElo "2541"]
[PlyCount "91"]
[EventDate "2023.10.14"]
[WhiteTeam "SK Slavoj Poruba"]
[BlackTeam "Sachy Hostalkova"]

1. Nf3 d5 2. e3 Nf6 3. c4 e6 4. b3 b6 5. cxd5 exd5 6. Bb2 Bb7 7. Nc3 ({RR} 7. Be2 Nbd7 8. O-O Bd6 9. d4 O-O 10. Nbd2 Ne4 11. Rc1 Re8 12. Qc2 Qf6 13. Nxe4 dxe4 14. Ne5 Nf8 15. Bb5 Re7 16. Bc6 Bxc6 17. Qxc6 Rd8 18. Qxe4 Qh6 19. g3 Bxe5 20. dxe5 Red7 21. b4 Ne6 {Burmakin,V (2435)-Tang,A (2529) chess.com INT 2025 0-1 (52)}) 7... Nbd7 8. Rc1 a6 9. Ne2 Bc5 $146 ({RR} 9... Bd6 10. g3 O-O 11. Bg2 Re8 12. O-O c5 13. d4 c4 14. bxc4 dxc4 15. Rxc4 Bd5 16. Nd2 Bxc4 17. Nxc4 Bc7 18. Bxa8 Qxa8 19. Nd2 Qd5 20. Nc3 Qa5 21. e4 Bb8 22. e5 Nd5 23. Qb3 Nxc3 24. Bxc3 {Favaloro,A (2356)-Derylo,K (2126) Imola 2021 1-0}) 10. g3 O-O 11. Bg2 Re8 12. O-O a5 13. Qc2 Ba6 14. d3 Bd6 15. Rfd1 Rc8 16. Bh3 c5 17. Bxf6 Qxf6 18. Bxd7 Qxf3 19. Nc3 d4 20. Qe2 Qxe2 21. Nxe2 dxe3 22. fxe3 Rxe3 23. Bxc8 Bxc8 24. Nc3 Kf8 25. Nd5 Re2 26. Nxb6 Bf5 27. Rf1 Bxd3 28. Rfe1 Rxe1+ 29. Rxe1 Bb5 30. Kf2 Bc7 31. Nd5 Bd6 32. Nc3 Bc6 33. Ke3 f5 34. Kd3 Kf7 35. Kc4 g5 36. Nb5 Be7 37. Nc7 Bb7 38. Ne6 Ba6+ 39. Kd5 Bb7+ 40. Ke5 Bc8 41. Nxc5 h5 42. Rc1 Bf6+ 43. Kd6 h4 44. Ne4 Be7+ 45. Ke5 Be6 46. Rc6 1-0

[Event "Titled Tue 13th Feb Early"]
[Site "chess.com INT"]
[Date "2024.02.13"]
[Round "2"]
[White "Nakamura, Hi"]
[Black "Goryachkina, A."]
[Result "1-0"]
[WhiteElo "2788"]
[BlackElo "2553"]
[PlyCount "97"]
[EventDate "2024.02.13"]

1. Nf3 d5 2. g3 g6 3. Bg2 Bg7 4. d3 e5 5. O-O Ne7 6. c4 c6 7. Nc3 O-O 8. Qb3 ({RR} 8. Bg5 Be6 9. Qb3 f6 10. Bd2 Qd7 11. Rfd1 Na6 12. Qa3 Rfe8 13. Rac1 Bf8 14. b4 Nf5 15. cxd5 cxd5 16. e4 Bxb4 17. Qb2 dxe4 18. Nxe4 Be7 19. Bc3 Nc7 20. d4 Rad8 21. Rd2 exd4 22. Nxd4 Nxd4 {Bachmann,A (2604)-Harikrishna,P (2704) chess.com INT 2023 1-0 (36)}) ({RR} 8. cxd5 cxd5 9. Bg5 f6 10. Bd2 Nbc6 11. a3 Be6 12. b4 Qd7 13. Re1 Kh8 14. Rc1 g5 15. Na4 b6 16. b5 Nd8 17. Bb4 Nf7 18. Nc3 Rfc8 19. Nd2 Rab8 20. Bxe7 Qxe7 21. Nxd5 Qxa3 22. Nc4 Qc5 {Movahed,S (2463)-Korchmar,V (2438) chess.com INT 2024 1-0 (36)}) ({RR} 8. e4 dxc4 9. dxc4 Qxd1 10. Rxd1 Bg4 11. h3 Be6 12. b3 Na6 13. Ng5 Rfd8 14. Rxd8+ Rxd8 15. Nxe6 fxe6 16. Be3 Nc8 17. a3 Bf8 18. b4 Nb6 19. Bf1 c5 20. b5 Nc7 21. a4 a5 22. h4 Nc8 {Nakamura,H (2768)-Bortnyk,M (2435) chess.com INT 2023 ½-½ (90)}) 8... h6 9. Bd2 Kh7 $146 ({RR} 9... b6 10. cxd5 cxd5 11. e4 d4 12. Nd5 Nxd5 13. exd5 Bb7 14. Nh4 Na6 15. Rac1 Qd7 16. Rfe1 Nc5 17. Qa3 Qb5 18. Be4 f5 19. Bg2 g5 20. Ng6 Rfe8 21. Bh3 Qxd3 22. Bb4 Qxa3 23. Bxa3 Nd3 24. Bxf5 {Shoker,S (2458)-Miton,K (2629) Khanty-Mansiysk 2010 0-1 (42)}) 10. Rfd1 d4 11. Na4 Nd7 12. e3 dxe3 13. Bxe3 Nf5 14. Bd2 Nd4 15. Nxd4 exd4 16. Re1 Ne5 17. Bf4 Re8 18. Bxe5 Rxe5 19. Rxe5 Bxe5 20. Re1 Bg7 21. Qb4 Bf8 22. Qd2 Bf5 23. b3 Rc8 24. Be4 Bh3 25. b4 Qf6 26. Bg2 Bf5 27. c5 Kg7 28. Nb2 b6 29. cxb6 axb6 30. a3 b5 31. Rc1 c5 32. a4 bxa4 33. b5 Qb6 34. Nxa4 Qxb5 35. Nb2 Be6 36. h4 Rb8 37. Nc4 Bxc4 38. Rxc4 Qb1+ 39. Rc1 Qb2 40. Rc2 Qb1+ 41. Kh2 Bd6 42. Rc1 Qb2 43. Rc2 Qb1 44. Qe2 Re8 45. Be4 f5 46. Rb2 Qc1 47. Rb7+ Kf6 48. Qa2 Re7 49. Rb6 1-0

[Event "Titled Tue 13th Feb Early"]
[Site "chess.com INT"]
[Date "2024.02.13"]
[Round "10"]
[White "Aravindh, Chithambaram VR."]
[Black "Deac, Bogdan-Daniel"]
[Result "1-0"]
[WhiteElo "2662"]
[BlackElo "2690"]
[PlyCount "123"]
[EventDate "2024.02.13"]

1. Nf3 d5 2. e3 c5 3. b3 f6 4. d4 cxd4 5. exd4 Nc6 6. Bb2 Bg4 7. c4 e6 8. Be2 Bd6 9. O-O Nge7 10. Nbd2 O-O ({RR} 10... Qd7 11. a3 O-O 12. Re1 Bh5 13. Nf1 Bf7 14. Ne3 Rad8 15. Qc2 Ng6 16. g3 Rfe8 17. Rad1 Nge7 18. h4 Bg6 19. Bd3 Bxd3 20. Qxd3 Bc7 21. Kg2 Nf5 22. Qc2 Nce7 23. c5 Nxe3+ 24. Rxe3 Nf5 25. Ree1 {Indjic,A (2651)-Szpar,M (2449) chess.com INT 2025 1-0 (74)}) 11. Re1 Qd7 $146 ({RR} 11... Bh5 12. a3 a6 13. b4 Kh8 14. Qb3 Bf7 15. c5 Bc7 16. a4 e5 17. dxe5 fxe5 18. b5 d4 19. Qd1 Na5 20. b6 Bb8 21. Ng5 Bg8 22. Nge4 Nec6 23. Ra3 h6 24. Rf3 Rxf3 25. Bxf3 Nb4 26. Ba3 {Indjic,A (2602)-Ivanisevic,I (2536) Senta SRB 2024 1-0 (34)}) 12. Ne5 Nxe5 13. dxe5 Bxe2 14. Qxe2 fxe5 15. Bxe5 Bxe5 16. Qxe5 Rf6 17. cxd5 Ng6 18. Qd4 exd5 19. Ne4 Rf4 20. Rad1 Rd8 21. Qxa7 Nh4 22. Qc5 Rc8 23. Qd6 Qf5 24. Ng3 Qf7 25. Re7 Qf8 26. Rde1 Rxf2 27. Qe6+ Kh8 28. Qxc8 Qxc8 29. Re8+ Rf8 30. Rxc8 Rxc8 31. Rd1 h6 32. Nf1 Rc2 33. Rd2 Rc1 34. Kf2 Ra1 35. Ne3 d4 36. Rxd4 Rxa2+ 37. Kf1 Ra1+ 38. Kf2 Ra2+ 39. Kg3 Ng6 40. Rd8+ Kh7 41. Rd7 Ne5 42. Re7 Nc6 43. Rxb7 Nd4 44. b4 Ra3 45. Kf4 Ne6+ 46. Ke4 Ng5+ 47. Kd4 Ne6+ 48. Ke4 Rb3 49. Nf5 Nc5+ 50. bxc5 Rxb7 51. c6 Rb2 52. Nd4 Rb8 53. Kd5 Kg6 54. c7 Rc8 55. Kd6 Kg5 56. Kd7 Rxc7+ 57. Kxc7 Kf4 58. Ne6+ Ke3 59. Nxg7 Kf2 60. g4 Kg2 61. Nf5 Kxh2 62. Nxh6 1-0